Materials Evaluation and Design for Language Teaching

Saved in:
Bibliografiske detaljer
Hovedforfatter: McGrath, Ian
Format: Ukendt
Sprog:engelsk
Udgivet: Edinburgh, Scotland Edinburgh Textbooks in Applied Linguistics 2016
Udgivelse:Second Edition
Fag:
Tags: Tilføj Tag
Ingen Tags, Vær først til at tagge denne postø!

MARC

LEADER 00000 a2200000 4500
003 CL-VaPUC
005 20250312142205.0
008 200114b ||||| |||| 00| 0 eng d
999 |c 1726  |d 1726 
020 |a 9780748645671 
040 |c Pontificia Universidad Católica de Valparaíso 
082 |a 428.2407 MCG 2016 
100 |a McGrath, Ian   |9 470 
245 |a Materials Evaluation and Design for Language Teaching 
250 |a Second Edition 
260 |a Edinburgh, Scotland  |b Edinburgh Textbooks in Applied Linguistics  |c 2016 
583 |k Sandra Vasquez  |c 20200114 
650 0 0 |a Lengua inglesa  |9 318842 
650 0 0 |a Métodos de enseñanza  |9 270413 
650 0 0 |a MATERIAL DIDACTICO  |9 605764 
942 |2 ddc  |c BK 
952 |0 0  |1 0  |2 ddc  |4 0  |6 428_240700000000000_MCG_2016  |7 0  |8 A  |9 495881  |a BIBEDU  |b BIBEDU  |d 2020-01-08  |e 74  |g 27380.00  |i 5571898  |l 1  |o 428.2407 MCG 2016   |p 5571898  |r 2023-01-23  |s 2023-01-17  |t 1  |v 27380.00  |w 2020-01-08  |y BK  |k LIT